[Event "11.Offene Senioren SH 2017"]
[Site "Büsum"]
[Date "2017.09.13"]
[Round "6.58"]
[White "Strohbusch, Frank"]
[Black "Johnen, Franz"]
[Result "1-0"]
[BlackElo "1713"]
[BlackTeam "SVG Alsdorf"]
[EventDate "2017.??.??"]
[PlyCount "75"]
[WhiteElo "1860"]
[WhiteTeam "SK Freising"]

1. e4 c5 2. Nc3 e6 3. d3 Ne7 4. g3 Nbc6 5. Bg2 d6 6. Be3 Ng6 7. f4 Be7 8. Nh3
O-O 9. O-O f5 10. Qd2 Rb8 11. Ne2 Qb6 12. c3 a5 13. Rad1 Bd7 14. exf5 exf5 15.
d4 cxd4 16. Nxd4 Nxd4 17. Bxd4 Qc7 18. Bd5+ Kh8 19. Qf2 b6 20. Ng5 Bxg5 21.
fxg5 Bc6 22. Be6 f4 23. c4 fxg3 24. Qxg3 Qe7 25. Bd5 Bxd5 26. Rxf8+ Qxf8 27.
cxd5 Qf4 28. Kg2 Qe4+ 29. Kg1 Nh4 30. Rd3 Re8 31. Bf2 Rc8 32. Re3 Rc1+ 33. Be1
Qd4 34. Qf2 Qg4+ 35. Rg3 Rxe1+ 36. Qxe1 Nf3+ 37. Kh1 Qh5 38. Qe2  1-0

[Event "11.Offene Senioren SH 2017"]
[Site "Büsum"]
[Date "2017.09.13"]
[Round "6.59"]
[White "Thieme, Wolfgang"]
[Black "Garms, Ilse"]
[Result "1-0"]
[BlackElo "1759"]
[BlackTeam "ESV Eberswalde"]
[EventDate "2017.??.??"]
[PlyCount "99"]
[WhiteElo "1939"]
[WhiteTeam "SC Bayer Uerdingen"]

1. e4 e5 2. Bc4 Nf6 3. d4 d6 4. dxe5 dxe5 5. Bxf7+ Ke7 6. Qxd8+ Kxd8 7. Nc3 c6
8. Nf3 Bd6 9. Bg5 Kc7 10. h3 Rf8 11. Bc4 b5 12. Bd3 Be6 13. Rd1 a6 14. Be3 Nbd7
15. a3 Nh5 16. Ne2 Nf4 17. Bxf4 exf4 18. Ned4 Rae8 19. O-O h6 20. a4 Bc4 21.
axb5 cxb5 22. Ra1 Nc5 23. Rfd1 Kb6 24. Bxc4 bxc4 25. Nf5 Be5 26. Nxe5 Rxe5 27.
Rd6+ Kc7 28. Rg6 Rxe4 29. Rxg7+ Kb8 30. Nxh6 Re2 31. Ra5 Rc8 32. Rg5 Nb7 33.
Rxa6 Rxc2 34. Rb6 Rc1+ 35. Kh2 Rd8 36. h4 Kc7 37. Rb4 Rc2 38. Rg7+ Kc6 39.
Rgxb7 Rxf2 40. Ng4 Rc2 41. Ne5+ Kc5 42. R4b5+ Kd4 43. Nc6+ Ke3 44. Re7+ Kd2 45.
Nxd8 Kc1 46. Rf7 Rxb2 47. Rxb2 c3 48. Rf2 c2 49. h5 Kb1 50. Rxc2  1-0

[Event "11.Offene Senioren SH 2017"]
[Site "Büsum"]
[Date "2017.09.13"]
[Round "6.60"]
[White "Aigner, Georg"]
[Black "Flockerzi, Armin"]
[Result "1-0"]
[BlackElo "1758"]
[BlackTeam "VfR-SC Koblenz"]
[EventDate "2017.??.??"]
[PlyCount "30"]
[WhiteElo "1898"]
[WhiteTeam "SC Taufkirchen"]

1. e4 d6 2. d4 Nf6 3. Nc3 e6 4. Nf3 Be7 5. Bd3 b6 6. O-O c6 7. Re1 Ba6 8. a3 O-O
9. Ne2 Bxd3 10. Qxd3 d5 11. Ng3 dxe4 12. Nxe4 Nbd7 13. Ng3 Qc7 14. Ng5 g6 15.
Qe2 Ne4 16. N5xe4 Kh8 17. Bh6 Rg8 18. Ng5 Bf8  1-0

[Event "11.Offene Senioren SH 2017"]
[Site "Büsum"]
[Date "2017.09.13"]
[Round "6.61"]
[White "Klügel, Jan"]
[Black "Riha, Peter"]
[Result "1/2-1/2"]
[BlackElo "1736"]
[BlackTeam "Schleswiger SV"]
[EventDate "2017.??.??"]
[PlyCount "120"]
[WhiteElo "1884"]
[WhiteTeam "SV Rendsburg"]

1. d4 Nf6 2. Nf3 b6 3. e3 Bb7 4. Bd3 e6 5. O-O d5 6. Nbd2 Bd6 7. c3 O-O 8. Re1
Nbd7 9. Qc2 h6 10. e4 dxe4 11. Nxe4 Nxe4 12. Bxe4 Bxe4 13. Rxe4 Qf6 14. Re2 c5
15. Qa4 Qd8 16. Be3 Qc7 17. Rd1 Nf6 18. dxc5 Bxc5 19. Qh4 Bxe3 20. Rxe3 Rfd8
21. Red3 Rxd3 22. Rxd3 Rd8 23. Rxd8+ Qxd8 24. Qd4 Qxd4 25. Nxd4 a5 26. Kf1 Kf8
27. Ke2 Ke7 28. f3 Kd6 29. g3 Kc5 30. Kd3 Nd7 31. Nb3+ Kd5 32. c4+ Kd6 33. Nd2
Nc5+ 34. Ke3 e5 35. b3 f5 36. a3 Ne6 37. b4 axb4 38. axb4 Nd4 39. Kd3 Ne6 40.
Nb3 Kc6 41. Kc3 Ng5 42. Nd2 Ne6 43. h4 g6 44. Nb3 Kd6 45. Kd3 Kc6 46. Ke3 Kd6
47. g4 h5 48. gxf5 gxf5 49. Nd2 Nf4 50. Nb3 Ng2+ 51. Kf2 Nxh4 52. c5+ bxc5 53.
Nxc5 Ng6 54. Nd3 e4 55. fxe4 fxe4 56. Nc5 Kd5 57. Ke3 Kc4 58. Nxe4 Kxb4 59. Kf2
Kc4 60. Ng3 h4  1/2-1/2

[Event "11.Offene Senioren SH 2017"]
[Site "Büsum"]
[Date "2017.09.13"]
[Round "6.62"]
[White "Nickel, Jürgen"]
[Black "Dachrodt, Heinz-Günther"]
[Result "1/2-1/2"]
[BlackElo "1734"]
[BlackTeam "Sport Union Annen"]
[EventDate "2017.??.??"]
[PlyCount "36"]
[WhiteElo "1882"]
[WhiteTeam "Flensburger SK"]

1. d4 Nf6 2. Nf3 g6 3. e3 Bg7 4. c4 d5 5. Nc3 O-O 6. Be2 c6 7. O-O Bg4 8. b3
Nbd7 9. Bb2 dxc4 10. bxc4 Nb6 11. Ne5 Bxe2 12. Qxe2 e6 13. Rfd1 Qc7 14. Rac1
Rfd8 15. Ba3 Nbd7 16. Nxd7 Rxd7 17. d5 Rad8 18. e4 cxd5  1/2-1/2

[Event "11.Offene Senioren SH 2017"]
[Site "Büsum"]
[Date "2017.09.13"]
[Round "6.63"]
[White "Klüver, Horst"]
[Black "Möller, Bernd"]
[Result "1/2-1/2"]
[BlackElo "1717"]
[BlackTeam "SV Bad Schwartau"]
[EventDate "2017.??.??"]
[PlyCount "87"]
[WhiteElo "1867"]
[WhiteTeam "Itzehoer SV"]

1. e4 e5 2. Bc4 Be7 3. Nf3 d6 4. h3 Nf6 5. Nc3 O-O 6. O-O h6 7. Re1 c6 8. a4 b6
9. d4 Qc7 10. Be3 a6 11. Qe2 Bb7 12. Rad1 Rd8 13. Bb3 Nbd7 14. Bc1 b5 15. d5 b4
16. dxc6 Bxc6 17. Nd5 Nxd5 18. Bxd5 Bxd5 19. Rxd5 a5 20. Be3 Rdb8 21. Nh2 Nf6
22. Rb5 Nxe4 23. Bb6 Rxb6 24. Qxe4 Raa6 25. Rd5 Rc6 26. Re2 Rc4 27. Qd3 Rac6
28. Ng4 Rxc2 29. Ne3 Rxe2 30. Qxe2 Rc5 31. Rd1 Rc1 32. Nd5 Rxd1+ 33. Qxd1 Qb7
34. b3 Bh4 35. Qf3 Qa7 36. g4 Bd8 37. Ne3 g6 38. Nc4 Qa6 39. Qd5 Bc7 40. Qb5
Qc8 41. Kg2 Qd8 42. Qd5 Kf8 43. Ne3 h5 44. Qc6  1/2-1/2

[Event "11.Offene Senioren SH 2017"]
[Site "Büsum"]
[Date "2017.09.13"]
[Round "6.64"]
[White "Kienel, Norbert"]
[Black "Schröder, Harm"]
[Result "1-0"]
[BlackElo "1696"]
[BlackTeam "SK Union Oldenburg"]
[EventDate "2017.??.??"]
[PlyCount "115"]
[WhiteElo "1837"]
[WhiteTeam "SV Osnabrück"]

1. d4 d5 2. c4 e6 3. Nc3 Nf6 4. Nf3 Be7 5. e3 O-O 6. Bd3 c6 7. O-O Nbd7 8. Qc2
h6 9. h3 dxc4 10. Bxc4 Nd5 11. e4 Nxc3 12. bxc3 Qc7 13. Be3 b6 14. Rac1 Bb7 15.
Rfd1 Rad8 16. Qb3 c5 17. Nd2 Rb8 18. f3 a6 19. a4 e5 20. Nf1 Nf6 21. Bf2 Bc6
22. dxe5 Nh5 23. Ng3 Qxe5 24. Nxh5 Qxh5 25. Bxa6 Bg5 26. Rb1 Rfd8 27. Bb5 Bb7
28. Rd7 Rxd7 29. Bxd7 Rd8 30. Bg4 Qg6 31. Qxb6 Rd1+ 32. Kh2 Rxb1 33. Qxb1 Qc6
34. Bg3 g6 35. Qb5 h5 36. Qxc6 Bxc6 37. Bc8 Bxa4 38. Bf2 Be7 39. Bb7 Bd6+ 40.
Bg3 Be7 41. Bd5 Kf8 42. Bc7 h4 43. Kg1 Bd7 44. Kf2 Ke8 45. Ke3 g5 46. e5 Bf5
47. Bc6+ Bd7 48. Bxd7+ Kxd7 49. Ba5 Ke6 50. Ke4 f6 51. exf6 Bxf6 52. c4 Be7 53.
Bd2 Bf6 54. Bc1 Be7 55. Be3 Kd6 56. Kf5 Kd7 57. Bxg5 Bxg5 58. Kxg5  1-0

[Event "11.Offene Senioren SH 2017"]
[Site "Büsum"]
[Date "2017.09.13"]
[Round "6.65"]
[White "Wulf, Adalbert"]
[Black "Cordsen, Heinrich"]
[Result "1-0"]
[BlackElo "1722"]
[BlackTeam "SK Union Oldenburg"]
[EventDate "2017.??.??"]
[PlyCount "109"]
[WhiteElo "1823"]
[WhiteTeam "SV Ennigerloh-Oelde"]

1. g3 d5 2. Bg2 Bf5 3. d3 Nf6 4. Nf3 e6 5. O-O h6 6. c4 c6 7. Qb3 Qb6 8. Be3
Qxb3 9. axb3 a6 10. c5 Nbd7 11. d4 Be7 12. Nc3 O-O 13. h3 Be4 14. b4 Bxf3 15.
exf3 e5 16. Rfe1 Rfe8 17. f4 e4 18. Ra2 Bf8 19. Rea1 Rad8 20. Bf1 Nb8 21. Kg2
g6 22. g4 Nh7 23. Be2 f5 24. gxf5 gxf5 25. Rg1 Re7 26. Kh2+ Rg7 27. Raa1 Rd7
28. Bh5 Re7 29. Bg6 Nf6 30. Bxf5 Nbd7 31. Bg6 Kh8 32. Rg2 Rg8 33. Rag1 Reg7 34.
f5 h5 35. Ne2 Be7 36. Nf4 Nf8 37. Nxh5 Rxg6 38. Rxg6 Rxg6 39. Rxg6 Nxg6 40.
Nxf6 Bxf6 41. fxg6 Kg7 42. Kg3 Kxg6 43. Kg4 Bd8 44. h4 b6 45. h5+ Kf7 46. cxb6
Bxb6 47. Kf5 Bd8 48. Bf4 Bh4 49. Be3 Be7 50. h6 Bd6 51. Bg5 Bf8 52. Bf4 Be7 53.
Be5 Bf8 54. h7 Bg7 55. h8=Q  1-0

[Event "11.Offene Senioren SH 2017"]
[Site "Büsum"]
[Date "2017.09.13"]
[Round "6.66"]
[White "Ludwig, Richard"]
[Black "Bade, Heidrun"]
[Result "0-1"]
[BlackElo "1815"]
[BlackTeam "USV Potsdam"]
[EventDate "2017.??.??"]
[PlyCount "84"]
[WhiteElo "1662"]
[WhiteTeam "SV Irxleben"]

1. e4 e5 2. Nf3 Nc6 3. Bc4 Nf6 4. d3 Be7 5. O-O d6 6. h3 O-O 7. a3 Bd7 8. Nh2
Nd4 9. Be3 Ne6 10. Nd2 c6 11. f4 exf4 12. Bxf4 Nxf4 13. Rxf4 Qb6+ 14. Kh1 Qe3
15. Rf3 Qg5 16. Qe2 d5 17. Bb3 Bd6 18. Rg1 Nh5 19. Nhf1 Bc5 20. g4 Nf4 21. Qh2
Ng6 22. exd5 Bxg1 23. Qxg1 cxd5 24. d4 Rae8 25. Ne3 Nh4 26. Rg3 Bc6 27. c3 Re6
28. Bc2 Rfe8 29. Ndf1 Rh6 30. Nf5 Nxf5 31. gxf5 Qf6 32. Ne3 Rh4 33. Bd3 Kh8 34.
Ng4 Qe7 35. Ne3 f6 36. Qf2 Qc7 37. Ng2 Rh5 38. Nf4 Rh4 39. Ne6 Qf7 40. Rxg7
Rxh3+ 41. Kg1 Qh5 42. Kg2 Rxd3  0-1

[Event "11.Offene Senioren SH 2017"]
[Site "Büsum"]
[Date "2017.09.13"]
[Round "6.67"]
[White "Alicke, Manfred"]
[Black "Harke, Horst"]
[Result "1/2-1/2"]
[BlackElo "1810"]
[BlackTeam "SK Varel"]
[EventDate "2017.??.??"]
[PlyCount "167"]
[WhiteElo "1646"]
[WhiteTeam "SV Grevenbroich"]

1. e4 e5 2. Bc4 Nf6 3. Qf3 d6 4. d3 Nc6 5. Bb5 Bd7 6. Bxc6 Bxc6 7. Bg5 Be7 8.
Nc3 Nd7 9. Be3 O-O 10. g4 Bg5 11. Nd1 Bxe3 12. Nxe3 Nb6 13. c4 Nd7 14. h4 Nc5
15. Nd5 Ne6 16. Ne2 Bxd5 17. cxd5 Nc5 18. b3 c6 19. Nc3 cxd5 20. Nxd5 Ne6 21.
Kf1 Rc8 22. Qd1 Nc7 23. Nc3 d5 24. a4 dxe4 25. dxe4 Qf6 26. Qe2 a6 27. Kg2 Qb6
28. Rhb1 Ne6 29. Nd5 Qd8 30. Rh1 Rc5 31. Rad1 Rxd5 32. Rxd5 Nf4+ 33. Kf3 Nxd5
34. exd5 Qxd5+ 35. Qe4 Qxb3+ 36. Kg2 Qe6 37. f3 f5 38. gxf5 Rxf5 39. Rc1 Rf8
40. Re1 Qe7 41. Kh3 h6 42. Qd5+ Qf7 43. Qxf7+ Rxf7 44. Kg3 Rf4 45. a5 Rb4 46.
Rxe5 Rb5 47. Re7 Kf8 48. Rc7 Rxa5 49. Rxb7 Ra1 50. Ra7 a5 51. h5 Rg1+ 52. Kh4
Ra1 53. Kg4 a4 54. Kf5 a3 55. Ke6 Re1+ 56. Kf5 Re3 57. f4 Rb3 58. Ke6 Re3+ 59.
Kf5 Rg3 60. Ke6 Kg8 61. Kf5 Kh7 62. Ke5 Rh3 63. Ke6 Rxh5 64. Rxa3 Rb5 65. Ra7
h5 66. Rd7 Rb6+ 67. Kf5 Rb5+ 68. Ke4 Kg6 69. Rd6+ Kh7 70. Rd7 h4 71. Kf3 h3 72.
Rd2 Kg6 73. Kg4 Rb3 74. Rd6+ Kh7 75. Rd5 g6 76. Rd7+ Kh6 77. Rd8 Kg7 78. Rd7+
Kf6 79. Rh7 Rb1 80. Rxh3 Rf1 81. Rb3 Rg1+ 82. Kf3 Rf1+ 83. Kg4 Rg1+ 84. Kf3 
1/2-1/2

[Event "11.Offene Senioren SH 2017"]
[Site "Büsum"]
[Date "2017.09.13"]
[Round "6.68"]
[White "Schmieder, Wolfgang Ernst"]
[Black "Hilbig, Klaus"]
[Result "1-0"]
[BlackElo "1646"]
[BlackTeam "Ahrensburger TSV"]
[EventDate "2017.??.??"]
[PlyCount "91"]
[WhiteElo "1800"]
[WhiteTeam "Kasseler SK"]

1. b3 Nf6 2. g3 g6 3. Bb2 Bg7 4. Bg2 e6 5. Nf3 d5 6. a4 c5 7. Ne5 O-O 8. O-O
Nbd7 9. Nxd7 Bxd7 10. d3 Bc6 11. Nd2 b6 12. h3 Qd6 13. e4 dxe4 14. Nxe4 Nxe4
15. Bxg7 Nxf2 16. Rxf2 Kxg7 17. Bxc6 Qxc6 18. Qd2 Qd6 19. Kh2 f6 20. Raf1 Rf7
21. Qc3 Qd4 22. Qd2 Raf8 23. Rf4 Qd6 24. Rh4 h5 25. Re4 e5 26. Qe2 Re7 27. Re1
Rfe8 28. h4 f5 29. Re3 Qd4 30. Qf3 e4 31. Qf4 Kf7 32. Qh6 Qg7 33. Qg5 Qf6 34.
Qh6 Rh8 35. Qf4 Rhe8 36. Qh6 Qg7 37. Qf4 Kg8 38. dxe4 Qd4 39. Rd3 Qb2 40. Rde3
Rxe4 41. Rxe4 Qxc2+ 42. R1e2 Qxe2+ 43. Rxe2 Rxe2+ 44. Kh3 Re7 45. Qd6 Kf7 46.
Qf4  1-0

[Event "11.Offene Senioren SH 2017"]
[Site "Büsum"]
[Date "2017.09.13"]
[Round "6.69"]
[White "Wagner, Ingolf"]
[Black "Gottschalk, Jürgen"]
[Result "1-0"]
[BlackElo "1639"]
[BlackTeam "SV Parchim"]
[EventDate "2017.??.??"]
[PlyCount "65"]
[WhiteElo "1799"]
[WhiteTeam "Gnoiener SV"]

1. Nf3 d5 2. d4 Nf6 3. c4 c6 4. Nc3 e6 5. a3 h6 6. Qc2 Be7 7. Bf4 Nbd7 8. h3
dxc4 9. Ne4 b5 10. Nd6+ Bxd6 11. Bxd6 Nb6 12. Bc5 Nbd5 13. e4 Ne7 14. Be2 Qa5+
15. Bb4 Qd8 16. O-O Bb7 17. Rfd1 O-O 18. e5 Nfd5 19. Bc5 Re8 20. Nd2 Nf5 21.
Ne4 Qd7 22. g4 Nfe7 23. Kh2 Ng6 24. g5 hxg5 25. Nxg5 Ndf4 26. h4 f6 27. exf6
gxf6 28. Ne4 Nd5 29. Rg1 Kh7 30. Nxf6+ Nxf6 31. Qxg6+ Kh8 32. Qxf6+ Kh7 33. Rg5
 1-0

[Event "OSEM SH 2017"]
[Site "Büsum"]
[Date "2017.09.13"]
[Round "6.70"]
[White "Lachat, Martin"]
[Black "Eschweiler, Gottfried"]
[Result "1-0"]
[BlackElo "1766"]
[BlackTeam "Pulheimer SC"]
[EventDate "2017.??.??"]
[PlyCount "103"]
[WhiteElo "1636"]
[WhiteTeam "ASK Réti Zürich"]

1. c4 Nf6 2. Nc3 g6 3. Nf3 d6 4. d4 Nbd7 5. g3 Bg7 6. Bg2 O-O 7. O-O Re8 8. b3
e5 9. dxe5 dxe5 10. Qc2 c6 11. e4 Qc7 12. Bb2 Nh5 13. Rfe1 b6 14. Rad1 Nhf6 15.
Ba3 Bf8 16. Bxf8 Nxf8 17. Qd2 Qd7 18. Qd6 Re6 19. Qxd7 N8xd7 20. Bh3 Re7 21.
Rd6 Bb7 22. Red1 Bc8 23. Rxc6 Kg7 24. Rc7 h5 25. Nd5 Re8 26. Bxd7 Nxd7 27. Nc3
Nf6 28. Ng5 Rf8 29. Nd5 Nh7 30. Nxh7 Kxh7 31. Re7 Be6 32. Nc7 Bg4 33. Rd5 Rad8
34. Rexe5 Rxd5 35. Nxd5 Kg7 36. Kg2 Rd8 37. f3 Be6 38. Kf2 Rd6 39. Nc7 Rc6 40.
Nxe6+ fxe6 41. Ke3 Kf6 42. f4 a6 43. h3 Rd6 44. g4 hxg4 45. hxg4 Rd1 46. g5+
Kf7 47. f5 exf5 48. exf5 gxf5 49. Rxf5+ Kg6 50. Rf6+ Kxg5 51. Rxb6 Re1+ 52. Kd2
 1-0

[Event "OSEM SH 2017"]
[Site "Büsum"]
[Date "2017.09.13"]
[Round "6.71"]
[White "Stratmann, Dietrich"]
[Black "Kluger, Hans-Peter"]
[Result "0-1"]
[BlackElo "1917"]
[BlackTeam "SK Bad Harzburg"]
[EventDate "2017.??.??"]
[PlyCount "54"]
[WhiteElo "1682"]
[WhiteTeam "SC Northeim"]

1. d4 d5 2. Nf3 Nf6 3. e3 Bg4 4. h3 Bh5 5. Bd3 Nc6 6. Nbd2 e5 7. dxe5 Nxe5 8. g4
Nxd3+ 9. cxd3 Bg6 10. Ne5 Bd6 11. Nxg6 hxg6 12. Qf3 c6 13. Nb3 Bb4+ 14. Bd2
Bxd2+ 15. Kxd2 a5 16. a4 Qb6 17. Kc2 c5 18. Nd2 O-O-O 19. Ra3 Rhf8 20. Rb3 Qc6
21. Rb5 b6 22. Nc4 Nd7 23. Rc1 f5 24. g5 Rh8 25. Qh1 Rh4 26. f4 Rdh8 27. Qf1
dxc4  0-1

[Event "OSEM SH 2017"]
[Site "Büsum"]
[Date "2017.09.13"]
[Round "6.72"]
[White "Hadlich, Winfried"]
[Black "Möller, Peter"]
[Result "1/2-1/2"]
[BlackElo "1672"]
[BlackTeam "ASV Wismar"]
[EventDate "2017.??.??"]
[PlyCount "112"]
[WhiteElo "1869"]
[WhiteTeam "SV Holstein Quickborn"]

1. d4 Nf6 2. c4 e6 3. Nc3 d5 4. cxd5 exd5 5. Bg5 c6 6. e3 Bf5 7. Bd3 Bxd3 8.
Qxd3 Be7 9. Nf3 Nbd7 10. O-O h6 11. Bh4 O-O 12. Bg3 Re8 13. h3 Bb4 14. Ne5 Nf8
15. Rac1 Rc8 16. Rfd1 Bd6 17. a3 Qe7 18. Qf5 Qe6 19. Qf3 N8d7 20. Nxd7 Qxd7 21.
Bxd6 Qxd6 22. Na4 Rc7 23. Nc5 Rce7 24. Nd3 Ne4 25. Nc5 Qf6 26. Nxe4 Qxf3 27.
gxf3 dxe4 28. fxe4 Rxe4 29. Rc5 R4e6 30. Rdc1 Rd8 31. b4 Rd7 32. a4 Red6 33. b5
cxb5 34. axb5 Kf8 35. Kf1 Ke7 36. Ke2 Rd5 37. Rb1 b6 38. Rc6 Rh5 39. Kf3 Rxh3+
40. Kg4 Rh2 41. Rb2 Rg2+ 42. Kf3 Rg5 43. Kf4 Rgd5 44. Ke4 f5+ 45. Kf3 R5d6 46.
Rc8 Kf6 47. Rb1 Re6 48. Rg1 Rf7 49. Ra8 g5 50. Ra1 Ree7 51. Rh8 Kg6 52. Rh1 Rh7
53. Rg8+ Reg7 54. Rc8 Rc7 55. Rg8+ Kf7 56. Rxg5 Kf6  1/2-1/2

[Event "OSEM SH 2017"]
[Site "Büsum"]
[Date "2017.09.13"]
[Round "6.73"]
[White "Weck, Uwe"]
[Black "Langmann, Claus"]
[Result "0-1"]
[BlackElo "1834"]
[BlackTeam "Hamburger SK"]
[EventDate "2017.??.??"]
[PlyCount "70"]
[WhiteElo "1591"]
[WhiteTeam "SK Kaltenkirchen"]

1. e4 e5 2. Nf3 Nf6 3. Bc4 Nxe4 4. Bxf7+ Kxf7 5. Nxe5+ Kg8 6. O-O Qf6 7. Ng4 Qg6
8. d3 d6 9. Ne5 dxe5 10. dxe4 Nc6 11. c3 Be6 12. Qe2 Bc5 13. b4 Bd6 14. Nd2 h6
15. Nc4 Kh7 16. Nxd6 cxd6 17. f4 exf4 18. Bxf4 Ne5 19. Qc2 Rhf8 20. Bxe5 dxe5
21. c4 Rac8 22. c5 Rxf1+ 23. Rxf1 Bd5 24. Re1 Bc6 25. Qe2 a6 26. Qf3 Rd8 27.
Qf5 Rd4 28. Qxe5 Rxe4 29. Rxe4 Qxe4 30. Qxe4+ Bxe4 31. a4 Bc6 32. a5 Kg6 33.
Kf2 Kf5 34. Ke3 Bxg2 35. Kd4 g5  0-1

[Event "OSEM SH 2017"]
[Site "Büsum"]
[Date "2017.09.13"]
[Round "6.74"]
[White "Jung, Michael"]
[Black "Kühnen, Gerhard"]
[Result "1-0"]
[BlackElo "1639"]
[BlackTeam "Flensburger SK"]
[EventDate "2017.??.??"]
[PlyCount "163"]
[WhiteElo "1794"]
[WhiteTeam "SV Osnabrück"]

1. g3 Nf6 2. c4 d5 3. cxd5 Nxd5 4. Bg2 e5 5. Nf3 Bd6 6. O-O c6 7. d3 Nd7 8. a3
O-O 9. Nbd2 Re8 10. Nc4 Bc7 11. b4 b5 12. Ncd2 N7f6 13. Bb2 Rb8 14. Ng5 h6 15.
Nge4 a5 16. bxa5 Bxa5 17. Nxf6+ Qxf6 18. Ne4 Qe7 19. Rc1 f5 20. Nc5 Bb6 21. Qc2
Bxc5 22. Qxc5 Qxc5 23. Rxc5 Bb7 24. Rfc1 e4 25. dxe4 fxe4 26. e3 Re6 27. Bh3
Re7 28. Bd4 g6 29. R5c2 Bc8 30. Bxc8 Rxc8 31. Rxc6 Rxc6 32. Rxc6 Kf7 33. Kf1 h5
34. h4 Rd7 35. Ra6 Rc7 36. Ra5 Rc1+ 37. Kg2 Nc3 38. Bxc3 Rxc3 39. Rxb5 Rxa3 40.
Re5 Kf6 41. Rxe4 Ra5 42. Rf4+ Ke5 43. Kf3 Ke6 44. Rf8 Ke7 45. Rf4 Ke6 46. Rb4
Rf5+ 47. Ke2 Ra5 48. f4 Ra2+ 49. Kf3 Ra5 50. Rb6+ Kf7 51. Rb3 Kf6 52. g4 Ra1
53. Rb6+ Kf7 54. gxh5 gxh5 55. Rh6 Ra5 56. Ke4 Kg7 57. Re6 Ra8 58. Re5 Kh6 59.
Re6+ Kg7 60. Kf5 Ra1 61. Kg5 Ra5+ 62. f5 Kf7 63. e4 Ra1 64. Kxh5 Rg1 65. Rg6
Re1 66. Rg4 Rc1 67. Kg5 Rc8 68. Kf4 Rh8 69. Kg3 Kf6 70. Rg6+ Kf7 71. Kg4 Re8
72. Kf4 Rh8 73. Rg4 Ra8 74. h5 Re8 75. h6 Rh8 76. Rg7+ Kf8 77. Kg5 Ke8 78. Ra7
Rg8+ 79. Kf6 Rg4 80. e5 Rh4 81. e6 Rxh6+ 82. Kg5  1-0

[Event "OSEM SH 2017"]
[Site "Büsum"]
[Date "2017.09.13"]
[Round "6.75"]
[White "Girod, Gudrun"]
[Black "Borries, Barbara"]
[Result "1/2-1/2"]
[Annotator "Gemkow,Jan Marten"]
[BlackElo "1790"]
[BlackTeam "SC Taufkirchen"]
[EventDate "2017.??.??"]
[PlyCount "81"]
[WhiteElo "1546"]
[WhiteTeam "Hannover 96"]

1. d4 Nf6 2. Bf4 d5 3. h3 e6 4. e3 Bd6 5. Bxd6 Qxd6 6. Nd2 c5 7. Bb5+ Bd7 8.
Bxd7+ Nbxd7 9. Ngf3 O-O 10. O-O Rac8 11. c3 Rfd8 12. Rc1 Rc7 13. Qe2 cxd4 14.
cxd4 Rdc8 15. Rxc7 Rxc7 16. Nb3 g6 17. Qd3 Qb4 18. a3 Qb6 19. a4 a5 20. Ne5
Nxe5 21. dxe5 Nd7 22. f4 Rc4 23. Nd4 Rxa4 24. Qb5 Qxb5 25. Nxb5 Rb4 26. Nd6 b6
27. Rc1 Nc5 28. Rc2 Rb3 29. Kf2 Ne4+ 30. Kf3 f6 31. Nxe4 dxe4+ 32. Kxe4 Rb4+
33. Kf3 fxe5 34. fxe5 Rb5 35. Kf4 Rc5 36. Rd2 Rc6 37. g4 h6 38. h4 a4 39. e4 b5
40. g5 h5 41. Rd7 { Rest nicht rekonstruierbar}   1/2-1/2

[Event "OSEM SH 2017"]
[Site "Büsum"]
[Date "2017.09.13"]
[Round "6.76"]
[White "Decho, Wilhelm"]
[Black "Ketelsen, Herbert"]
[Result "1/2-1/2"]
[BlackElo "1565"]
[BlackTeam "SK Kaltenkirchen"]
[EventDate "2017.??.??"]
[PlyCount "46"]
[WhiteElo "1750"]
[WhiteTeam "Vereinslos"]

1. d4 d5 2. c4 e6 3. Nc3 Nf6 4. Nf3 b6 5. e3 Be7 6. Be2 Bb7 7. O-O O-O 8. b3
Nbd7 9. Bb2 Rc8 10. Rc1 c5 11. cxd5 Nxd5 12. Nxd5 Bxd5 13. Ba6 Rc7 14. Bc4 Nf6
15. Bxd5 Nxd5 16. dxc5 Bxc5 17. a3 Rd7 18. Qe2 Be7 19. Rfd1 Bf6 20. Ne5 Bxe5
21. Bxe5 f6 22. Bb2 Rff7 23. Qa6 Rc7  1/2-1/2

[Event "OSEM SH 2017"]
[Site "Büsum"]
[Date "2017.09.13"]
[Round "6.77"]
[White "Westphal-Stubbe, Siegbert"]
[Black "Hadlich, Carmen"]
[Result "1/2-1/2"]
[BlackElo "1351"]
[BlackTeam "SV Holstein Quickborn"]
[EventDate "2017.??.??"]
[PlyCount "82"]
[WhiteElo "1722"]
[WhiteTeam "SG Plöner See"]

1. d4 d5 2. c4 e6 3. e3 Nf6 4. Bd3 c5 5. Nf3 Nc6 6. O-O cxd4 7. cxd5 exd5 8.
exd4 Be7 9. Bf4 O-O 10. h3 Nb4 11. Be2 Bf5 12. a3 Nc6 13. Nc3 Ne4 14. Rc1 Bg5
15. Nxg5 Nxg5 16. Kh2 Ne6 17. Be3 Qd6+ 18. g3 Rad8 19. Bf3 Nc7 20. Bf4 Qd7 21.
Bg2 Be4 22. f3 Bf5 23. g4 Be6 24. Bg3 f5 25. Ne2 fxg4 26. fxg4 Rxf1 27. Qxf1
Rf8 28. Qd1 Ne8 29. Nf4 Bf7 30. Nd3 Qd8 31. Ne5 Nxe5 32. Bxe5 Be6 33. Qe2 Nf6
34. Rf1 Nd7 35. Rxf8+ Qxf8 36. Bg3 Bf7 37. Qb5 Nb6 38. Qf1 Nc4 39. Qc1 b5 40.
Qc3 a6 41. b4 h6  1/2-1/2

[Event "OSEM SH 2017"]
[Site "Büsum"]
[Date "2017.09.13"]
[Round "6.78"]
[White "Stratmann, Alois"]
[Black "Narr, Irmgard"]
[Result "0-1"]
[BlackElo "1685"]
[BlackTeam "SC Mühlhof-Reichelsdorf"]
[EventDate "2017.??.??"]
[PlyCount "60"]
[WhiteElo "1580"]
[WhiteTeam "SV Ahlen"]

1. c4 Nf6 2. Nf3 b6 3. Nc3 Bb7 4. g3 e6 5. Bg2 c5 6. d3 Be7 7. O-O d6 8. a3 O-O
9. Rb1 Nbd7 10. b4 Rb8 11. Bf4 Nh5 12. Bd2 Nhf6 13. Nb5 a6 14. Nc3 d5 15. cxd5
Nxd5 16. Nxd5 Bxd5 17. Bf4 Ra8 18. Bd2 b5 19. bxc5 Bxc5 20. Bb4 Qb6 21. d4 Bxb4
22. axb4 Rac8 23. e3 Nf6 24. Ne5 Bxg2 25. Kxg2 Qd6 26. Qb3 Ne4 27. Rfd1 Nc3 28.
Ra1 Nxd1 29. Rxd1 Qb6 30. Nd7 Qb7+  0-1

[Event "OSEM SH 2017"]
[Site "Büsum"]
[Date "2017.09.13"]
[Round "6.79"]
[White "Deak-Willimsky, Emanuela"]
[Black "Krneta, Slavko"]
[Result "0-1"]
[BlackElo "1810"]
[BlackTeam "FG Wohlde"]
[EventDate "2017.??.??"]
[PlyCount "74"]
[WhiteElo "1502"]
[WhiteTeam "SF Furtwangen-Vöhrenbach"]

1. c4 Nf6 2. Nc3 g6 3. d3 Bg7 4. Nf3 d6 5. g3 c6 6. Bg2 e5 7. O-O Nh5 8. Qc2 f5
9. Bg5 Nf6 10. h3 Na6 11. a3 O-O 12. Rab1 h6 13. Bxf6 Qxf6 14. e3 Nc7 15. Nh2
Ne6 16. Ne2 h5 17. f4 Bh6 18. Rbd1 exf4 19. exf4 Nd4 20. Nxd4 Qxd4+ 21. Kh1 Bg7
22. Nf3 Qxb2 23. Qxb2 Bxb2 24. a4 Bf6 25. h4 Bd7 26. d4 Rfe8 27. c5 dxc5 28.
dxc5 Be6 29. Ne5 Bxe5 30. fxe5 Bb3 31. Rd7 Bxa4 32. Rxb7 Rxe5 33. Ra1 Bc2 34.
Raxa7 Rxa7 35. Rxa7 Rxc5 36. Rc7 Ba4 37. Bd5+ Rxd5  0-1

[Event "OSEM SH 2017"]
[Site "Büsum"]
[Date "2017.09.13"]
[Round "6.80"]
[White "Petersen, Günter"]
[Black "Gehrmann, Dorit"]
[Result "0-1"]
[BlackElo "1920"]
[BlackTeam "SV Eutin"]
[EventDate "2017.??.??"]
[PlyCount "56"]
[WhiteElo "1615"]
[WhiteTeam "Segeberger SF"]

1. e4 e6 2. d4 d5 3. exd5 exd5 4. Nf3 Bd6 5. Nc3 c6 6. Be2 Bf5 7. O-O Nf6 8. Bg5
O-O 9. Bd3 Bg4 10. Re1 Bc7 11. h3 Bh5 12. Be2 Bxf3 13. Bxf6 Qxf6 14. Bxf3 Nd7
15. Bg4 Qd6 16. g3 f5 17. Bf3 Nf6 18. Qd3 Ne4 19. Bxe4 fxe4 20. Qd2 Rf3 21. Re3
Rf5 22. Rf1 Raf8 23. Nd1 h5 24. Qe2 Rg5 25. f4 Rxf4 26. Qg2 Rxf1+ 27. Kxf1 Rxg3
28. Rxg3 Qxg3  0-1

[Event "OSEM SH 2017"]
[Site "Büsum"]
[Date "2017.09.13"]
[Round "6.81"]
[White "Van Houten, Henk"]
[Black "Wölfert, Jürgen"]
[Result "1-0"]
[BlackElo "1860"]
[BlackTeam "BSC Rehberge"]
[EventDate "2017.??.??"]
[PlyCount "57"]
[WhiteElo "1645"]
[WhiteTeam "SC Gronau"]

1. b3 e5 2. Bb2 d6 3. d3 Nc6 4. g3 f5 5. Nd2 Nf6 6. e3 Be7 7. Bg2 Be6 8. a3 O-O
9. Qe2 Qd7 10. O-O-O d5 11. Ngf3 Bd6 12. Ng5 h6 13. Nxe6 Qxe6 14. c4 Rae8 15.
h3 e4 16. d4 b6 17. b4 Bxb4 18. axb4 Nxb4 19. cxd5 Nfxd5 20. Qc4 b5 21. Qb3 a5
22. Nb1 a4 23. Qa3 Qc6+ 24. Nc3 Nd3+ 25. Rxd3 exd3 26. Bxd5+ Qxd5 27. Nxd5 c6
28. Nf4 g5 29. Nxd3  1-0